Project Weather / (Record no. 196337)

MARC details
000 -LEADER
fixed length control field 01462nam a2200313 i 4500
003 - CONTROL NUMBER IDENTIFIER
control field OSt
005 - DATE AND TIME OF LATEST TRANSACTION
control field 20240728121300.0
008 - FIXED-LENGTH DATA ELEMENTS--GENERAL INFORMATION
fixed length control field 240728s2022 -ukao j 001 0 eng d
020 ## - INTERNATIONAL STANDARD BOOK NUMBER
International Standard Book Number 9781789894592
Terms of availability RM 40.00
Qualifying information paperback
040 ## - CATALOGING SOURCE
Original cataloging agency PPAK
Language of cataloging eng
Transcribing agency PPAK
Description conventions rda
082 04 - DEWEY DECIMAL CLASSIFICATION NUMBER
Edition number 23
Classification number 551.5078
090 00 - LOCALLY ASSIGNED LC-TYPE CALL NUMBER (OCLC); LOCAL CALL NUMBER (RLIN)
Classification number (OCLC) (R) ; Classification number, CALL (RLIN) (NR) 551.5078
Feature heading STE
Feature heading K
100 1# - MAIN ENTRY--PERSONAL NAME
Personal name Steele, Philip,
Dates associated with a name 1948-
Relator term author.
245 10 - TITLE STATEMENT
Title Project Weather /
Statement of responsibility, etc. Philip Steele ; Consultant: Anne Rooney
264 #1 - PRODUCTION, PUBLICATION, DISTRIBUTION, MANUFACTURE, AND COPYRIGHT NOTICE
Place of production, publication, distribution, manufacture Thaxted, Essex, UK
Name of producer, publisher, distributor, manufacturer Miles Kelly Publishing Ltd.,
Date of production, publication, distribution, manufacture, or copyright notice 2022
300 ## - PHYSICAL DESCRIPTION
Extent 32 pages :
Other physical details colour illustrations, colour photographs ;
Dimensions 28 cm
336 ## - CONTENT TYPE
Content type term text
Source rdacontent
337 ## - MEDIA TYPE
Media type term unmediated
Source rdamedia
338 ## - CARRIER TYPE
Carrier type term volume
Source rdacarrier
500 ## - GENERAL NOTE
General note Includes index
General note Step-by-step projects to try! -- Cover
General note Bursting with super-cool facts! -- Cover
520 ## - SUMMARY, ETC.
Summary, etc. Packed with super-cool facts and hands-on activities, 'Project Weather' helps children to really engage with a core topic. From the midnight Sun to the water cycle, each spread features photos, stunning artwork and fun cartoons. Step-by-step illustrated projects throughout encourage practical learning - readers can find out how salt stops things from freezing, make their own rain gauge, and build a barometer<br/>
521 ## - TARGET AUDIENCE NOTE
Target audience note Age 7+
650 10 - SUBJECT ADDED ENTRY--TOPICAL TERM
Topical term or geographic name entry element Weather
General subdivision Experiments
Form subdivision Juvenile literature
655 ## - INDEX TERM--GENRE/FORM
Genre/form data or focus term Lift-the-flap books
700 1# - ADDED ENTRY--PERSONAL NAME
Personal name Rooney, Anne,
Relator term consultant.
942 ## - ADDED ENTRY ELEMENTS (KOHA)
Source of classification or shelving scheme Dewey Decimal Classification
Koha item type Book
Holdings
Withdrawn Not for loan Current library Shelving location Date acquired Total Checkouts Full call number Barcode Date last seen Koha item type Checked out Date last checked out
    Perpustakaan Alor Setar Pinjaman Kanak-kanak 05/08/2024   K 551.5078 STE A01830973 05/08/2024 Book    
    Perpustakaan Awam Sungai Petani Pinjaman Kanak-kanak 05/08/2024   K 551.5078 STE A01830974 05/08/2024 Book    
    Perpustakaan Baling Pinjaman Kanak-kanak 05/08/2024   K 551.5078 STE A01830978 05/08/2024 Book    
    Perpustakaan Bandar Baharu Pinjaman Kanak-kanak 05/08/2024   K 551.5078 STE A01830979 05/08/2024 Book    
    Perpustakaan Jitra Pinjaman Kanak-kanak 05/08/2024   K 551.5078 STE A01830975 05/08/2024 Book    
    Perpustakaan Kulim Pinjaman Kanak-kanak 05/08/2024 1 K 551.5078 STE A01830977 21/09/2025 Book 12/10/2025 21/09/2025
    Perpustakaan Langkawi Pinjaman Kanak-kanak 05/08/2024   K 551.5078 STE A01830976 05/08/2024 Book